A Moth to the Flame (Record no. 325936)

000 -LEADER
fixed length control field 00298 a2200121 4500
001 - CONTROL NUMBER
control field 90863
082 ## - DEWEY DECIMAL CLASSIFICATION NUMBER
Classification number 891.5511 ZWE
090 ## - LOCALLY ASSIGNED LC-TYPE CALL NUMBER (OCLC); LOCAL CALL NUMBER (RLIN)
-- 43035
-- 43035
100 ## - MAIN ENTRY--PERSONAL NAME
Personal name Connie Zweig
245 ## - TITLE STATEMENT
Title A Moth to the Flame
Statement of responsibility, etc. Connie Zweig
Number of part/section of a work English
260 ## - PUBLICATION, DISTRIBUTION, ETC.
Place of publication, distribution, etc. UK
Name of publisher, distributor, etc. Rowman & LittleField
Date of publication, distribution, etc. 2006
300 ## - PHYSICAL DESCRIPTION
Extent 233 p
942 ## - ADDED ENTRY ELEMENTS (KOHA)
Institution code [OBSOLETE] CAE NUST
Call number prefix 891.5511 ZWE
Holdings
Withdrawn status Lost status Damaged status Not for loan Collection code Permanent Location Current Location Date acquired Total Checkouts Full call number Barcode Date last seen Price effective from Koha item type
          College of Aeronautical Engineering (CAE) College of Aeronautical Engineering (CAE) 04/03/2017   891.5511 ZWE CAE87912 04/05/2017 04/05/2017 Book
© 2023 Central Library, National University of Sciences and Technology. All Rights Reserved.